Hodnotenie plnenia maastrichtských kritérií novými členskými krajinami EÚ pomocou metód viackriteriálneho rozhodovania
Definovanie Maastrichtských kritérií. Súhrnné hodnotenie konvergencie SR. Metóda vyhodnotenia Maastrichtských kritérií. Porovnanie pomocou metód triedy Promethee.
Salvato in:
| Autore principale: | |
|---|---|
| Natura: | Capitolo di libro |
| Lingua: | slovacco |
| Soggetti: | |
| Tags: |
Nessun Tag, puoi essere il primo ad aggiungerne!!
|
MARC
| LEADER | 00000naa$a2200000$$$4500 | ||
|---|---|---|---|
| 001 | 0037518 | ||
| 005 | 20240502071455.7 | ||
| 041 | 0 | |a slo | |
| 044 | |a SK | ||
| 245 | 1 | 0 | |a Hodnotenie plnenia maastrichtských kritérií novými členskými krajinami EÚ pomocou metód viackriteriálneho rozhodovania |c Andrea Furková |
| 520 | |a Definovanie Maastrichtských kritérií. Súhrnné hodnotenie konvergencie SR. Metóda vyhodnotenia Maastrichtských kritérií. Porovnanie pomocou metód triedy Promethee. | ||
| 610 | 2 | 0 | |a konvergencia |
| 610 | 2 | 0 | |a Slovensko |
| 610 | 2 | 0 | |a Európska únia |
| 610 | 2 | 0 | |a analýza komparatívna |
| 610 | 2 | 0 | |a únie menové |
| 610 | 2 | 0 | |a stabilita cien |
| 610 | 2 | 0 | |a inflácia |
| 610 | 2 | 0 | |a situácia hospodárska |
| 610 | 2 | 0 | |a rozhodovanie viackriteriálne |
| 100 | 1 | |a Furková, Andrea, 1975- | |